| 000 | 00000nam 2200000za 4500 |
| 001 | 9.867183 |
| 003 | CaOODSP |
| 005 | 20221107162237 |
| 007 | cr ||||||||||| |
| 008 | 190116t20192018quc o f000 0 fre d |
| 020 | |a9780660293219 |
| 040 | |aCaOODSP|bfre |
| 043 | |an-cn-qu |
| 086 | 1 |aTU3-10/18-0100F-PDF |
| 110 | 2 |aBureau de la sécurité des transports du Canada. |
| 245 | 10|aCollision avec le relief, Air Saguenay (1980) inc., de Havilland DHC-2 (Beaver), C-FYYT, lac Jules (Québec), Manic-Cinq (Québec), 44 nm WSW, 1er juillet 2018 |h[ressource électronique]. |
| 260 | |aGatineau, QC : |bBureau de la sécurité des transports du Canada, |c2019, c2018. |
| 300 | |a8 p. : |bill. en coul. |
| 490 | 1 |aRapport d'enquête sur la sécurité du transport aérien ; |vA18Q0100 |
| 500 | |aLa copie a été replacée le 1 février 2019 à la demande du ministère-auteur. |
| 500 | |aPubl. aussi en anglais sous le titre: Collision with terrain, Air Saguenay (1980) inc., de Havilland DHC-2 (Beaver), C-FYYT, Jules Lake (Quebec), Manic-Cinq (Quebec), 44 nm WSW, 01 July 2018. |
| 500 | |aTitre de départ. |
| 504 | |aComprend des références bibliographiques. |
| 692 | 07|2gccst|aAccident d'aviation |
| 692 | 07|2gccst|aSécurité aérienne |
| 692 | 07|2gccst|aEnquête |
| 775 | 08|tCollision with terrain, Air Saguenay (1980) inc., de Havilland DHC-2 (Beaver), C-FYYT, Jules Lake (Quebec), Manic-Cinq (Quebec), 44 nm WSW, 01 July 2018 |w(CaOODSP)9.867182 |
| 830 | #0|aBilan d'enquête de sécurité du transport aérien ;|vA18Q0100.|w(CaOODSP)9.845276 |
| 856 | 40|qPDF|s299 Ko|uhttps://publications.gc.ca/collections/collection_2019/bst-tsb/TU3-10-18-0100-fra.pdf |